00502nam a2200181 a 4500001001300000003000900013005001700022008004100039020002300080082001800103100001600121245005800137260004600195300001000241500003500251650001800286700001600304nice12345678IN_TiNIC20260116014724.0131226s2009 pana grp 000 0 eng  a9788170589235c18500a294.5924bAUR aAurobindo,  aMessage of the Gitab As Interpreted By Sri Aurobindo aPandicherry bSri Aurobindo Ashram c2009 a374p  aincludes index and biblioraphy aBhagavad Gita1 aAurobindo,